Responses for Show #2638 - Wednesday, February 7, 1996

Contestants

[<< previous game]

Jess Grimm, a real estate appraiser from Downey, California

Marie Corcoran, an elementary school teacher from Calgary, Alberta, Canada

Don Richardson, a software engineer from Haymarket, Virginia (whose 2-day cash winnings total $28,100)

[next game >>]

Jeopardy! Round responses

1899
TOYS & GAMES
WEIGHTS & MEASURES
LOUISIANA
CHEESE, PLEASE
THE MOORES
    $100 1
(Al) Capone

Marie
    $100 2
pool

Marie
    $100 26
a knot

Jess
    $100 7
New Orleans

Don
    $100 3
cut it (slice it)

Don
    $100 17
Demi Moore

Don
    $200 15
Kuwait

Don
    $200 5
checkers

Don
    $200 27
Japan

Don
    $200 8
Jean Lafitte

Marie
    $200 4
apple

Marie
    $200 18
Mary Tyler Moore

Jess
    $300 16
aspirin

Marie
    $300 6
Hot Wheels

Jess
    $300 28
cloth

Don
    $300 12
Spain

Don
    $300 11
Lewis Carroll

Jess
    $300 19
Henry Moore

Jess
    $400 22
(Jess: What is Copenhagen?)
(Don: What is Oslo?)
(Marie: What is Berlin?)

Stockholm

DonMarieJess
Triple Stumper
    $400 9
Candyland

Don
    $400 29
a meter

Don
    $400 13
Bibles

Don
    $400 24
Wisconsin

Don
    $1,000 20
(Alex: [*], who played The Saint.)

Roger Moore

Jess
    $500 23
Samoa

Marie
    $500 10
trolls

Marie
    $500 30
the Kelvin scale

Don
    $500 14
(Alex: They're all bayous, hence [*].)

the Bayou State

Triple Stumper
    $500 25
the Pied Piper

Don
    $500 21
Clayton Moore

Jess

Scores at the first commercial break (after clue 15):

Don Marie Jess
$1,700 $1,100 $600

Scores at the end of the Jeopardy! Round:

Don Marie Jess
$3,700 $1,500 $2,300

Double Jeopardy! Round responses

EUROPEAN GEOGRAPHY
DRAMA
NORSE MYTH
DANCE
COLLEGES & UNIVERSITIES
THE MOORS
    $200 1
the Netherlands

Don
    $200 12
Catch-22

Marie
    $200 6
Odin

Jess
    $200 25
(Alex: And about a minute to go.)

the 1920s

Marie
    $200 7
an elephant

Marie
    $200 21
bullfighting

Jess
    $400 2
Florence

Marie
    $400 13
Harvey

Don
    $400 17
the Sun

Don
    $400 26
the reel

Jess
    $400 8
Brown

Don
    $400 22
1492

Marie
    $1,000 3
the Rhine

Marie
    $600 14
Cat on a Hot Tin Roof

Don
    $600 18
Thor

Don
    $600 28
the Maoris

Don
    $600 9
Johns Hopkins

Don
    $600 23
Madrid

Jess
    $800 4
the Czech Republic

Don
    $800 15
Eugene O'Neill

Don
    $800 19
the Valkyries

Jess
    $800 30
Martha Graham

Don
    $800 10
Caltech

Jess
    $800 24
(Don: Who is Iago?)

Othello

DonMarie
    $1000 5
(Jess: What is the Gulf of Finland?)

the Gulf of Bothnia

MarieJess
    $2,000 16
(Don: What is Waiting for Godot?)

Bus Stop

Don
    $1000 20
Loki

Jess
    $1000 29
the Dying Swan

Don
    $1000 11
(1 of) Queen's College (in North Carolina or New York City), Quincy University, or Quinnipiac College

Triple Stumper
    $1000 27
Mauritania

Don

Scores at the end of the Double Jeopardy! Round:

Don Marie Jess
$9,100 $5,700 $5,300

[wagering suggestions for these scores]

Final Jeopardy! Round responses

CRIME & PUNISHMENT
JessWho is Mary Stuart, Queen
$5,200
MarieWho is Anne Boleyn?
$5,600
DonWho was Mary?
$2,301
Anne Boleyn

Final scores:

Don Marie Jess
$6,799 $11,300 $100
2nd place: Ashley dining table set + Bob Mitchell Designs home decor set New champion: $11,300 3rd place: Cutco knife set

Game dynamics:

Coryat scores:

Don Marie Jess
$11,100 $5,300 $4,700
27 R,
3 W
(including 1 DD)
15 R
(including 1 DD),
1 W
14 R
(including 1 DD),
2 W

Combined Coryat: $21,100

[game clues] [game scores] [suggest correction]

Game tape date: Unknown
The J! Archive is created by fans, for fans. Scraping, republication, monetization, and malicious use prohibited; this site may use cookies and collect identifying information. See terms. The Jeopardy! game show and all elements thereof, including but not limited to copyright and trademark thereto, are the property of Jeopardy Productions, Inc. and are protected under law. This website is not affiliated with, sponsored by, or operated by Jeopardy Productions, Inc. Join the discussion at JBoard.tv.